Japanese flower arrangement in a nutshell : (Record no. 131845)

MARC details
000 -LEADER
fixed length control field 00647nam a22002177a 4500
005 - DATE AND TIME OF LATEST TRANSACTION
control field 20170124110144.0
010 ## - LIBRARY OF CONGRESS CONTROL NUMBER
LC control number 171241
020 ## - INTERNATIONAL STANDARD BOOK NUMBER
Terms of availability 00.00
035 ## - SYSTEM CONTROL NUMBER
System control number 171241
037 ## - SOURCE OF ACQUISITION
Source of stock number/acquisition Cen Lib/Ret
040 ## - CATALOGING SOURCE
Original cataloging agency DPL
Language of cataloging EN
082 ## - DEWEY DECIMAL CLASSIFICATION NUMBER
Classification number 635.96
Item number ALL
100 ## - MAIN ENTRY--PERSONAL NAME
Personal name Allen, Ellen Gordon
9 (RLIN) 32974
245 ## - TITLE STATEMENT
Title Japanese flower arrangement in a nutshell :
Statement of responsibility, etc by Ellen Gordon Allen
Remainder of title a primer /
260 ## - PUBLICATION, DISTRIBUTION, ETC. (IMPRINT)
Name of publisher, distributor, etc Charles E.Tuttle Company
Date of publication, distribution, etc 1955
Place of publication, distribution, etc Japan
270 ## - ADDRESS
Address Rutland, Vermont
300 ## - PHYSICAL DESCRIPTION
Extent 55p. :
Dimensions 21cm(Hb)
Other physical details ill.
650 ## - SUBJECT ADDED ENTRY--TOPICAL TERM
Topical term or geographic name as entry element Flower arrangement, Japanese
9 (RLIN) 32975
650 ## - SUBJECT ADDED ENTRY--TOPICAL TERM
Topical term or geographic name as entry element Bloemsierkunst
9 (RLIN) 32976
942 ## - ADDED ENTRY ELEMENTS (KOHA)
Source of classification or shelving scheme Dewey Decimal Classification
Koha item type English Books
Classification part 635.96
Call number suffix ALL
Holdings
Withdrawn status Lost status Damaged status Not for loan Home library Current library Date acquired Source of acquisition Cost, normal purchase price Total Checkouts Full call number Barcode Date last seen Copy number Cost, replacement price Price effective from Koha item type Public note
Written off       Central Library Central Library 16/07/2015 Cen Lib/Ret 0.00   635.96 ALL 171241 16/07/2015 1 0.00 15/09/2016 English Books W/d List No. 6848/5 : dtd 14/7/20

© Delhi Public Library
Hit Counter
free hit counter